| 000 | 00946nam a2200289 a 4500 | ||
|---|---|---|---|
| 001 | BRL_1237 | ||
| 005 | 20190320211112.0 | ||
| 008 | 031213s1995----mx-ao#####---#000-0#eng-# | ||
| 020 | _a9686520155 | ||
| 041 | _aeng | ||
| 044 | _amx | ||
| 050 | 4 |
_aQL696.F3 _b.G37 1995 |
|
| 100 | 1 |
_aGarza de León, Aldegundo _926226 |
|
| 245 | 1 | 0 |
_aThe golden eagle _bstrength and wind _cAldegundo Garza de León, Mercedes de la Garza, Xavier Noguez ; Photography: Perry Conway, Javier Hinojosa. |
| 260 |
_aMéxico _bSeguros Comercial América : Editorial Jilguero _c1995 |
||
| 300 |
_a142 p. _bil. _c32 p. |
||
| 500 | _aAu1413 | ||
| 504 | _aBibliografía: p. 141-142 | ||
| 650 | 1 | 4 |
_aÁguilas _926227 |
| 650 | 1 | 4 |
_aÁguilas _xSimbolismo _zMéxico _926228 |
| 700 | 1 |
_aGarza, Mercedes de la _926229 |
|
| 700 | 1 |
_aNoguez, Xavier _926230 |
|
| 700 | 1 |
_aConway, Perry _eil. _926231 |
|
| 700 | 1 |
_aHinojosa, Javier _eil. _94884 |
|
| 902 | _aGRL | ||
| 942 |
_2lcc _cB |
||
| 999 |
_c10049 _d10049 |
||